000 00718nam a2200205 i 4500
001 142491
003 ES-MaACL
005 20250912063052.0
007 t|
008 071005s1957 sp |||| | spa d
080 _a860 Góngora y Argote, Luis de 7 Fábula de Polifemo y Galatea.06
100 1 _aVilanova, Antonio,
_d1923-2008
_9114774
245 1 4 _aLas fuentes y los temas del Polifemo de Góngora /
_cAntonio Vilanova.
260 _aMadrid :
_b[s.n.],
_c1957 (
_fGráf. Escelicer)
300 _a2 v. ;
_c25 cm.
586 _aPremio Menéndez Pelayo 1951
600 1 4 _aGóngora y Argote, Luis de.
_tFábula de Polifemo y Galatea.
_958249
852 _aES-MaACL
_jC-19131-32
999 _c142491
_d142491